000
00296nam a2200109Ia 4500
082
_a
581.6520968 BROM
245
0
_a
Bromilow, Clive
100
_a
Problem plants and alien weeds of south africa
_9
32128
942
_c
BK
020
_a
9781920217303"
008
210816s9999 xx 000 0 und d
999
_c
118478
_d
118477